[Event "World Rapid 2023"]
[Site "Samarkand UZB"]
[Date "2023.12.27"]
[EventDate "2023.12.26"]
[Round "7.55"]
[Result "1/2-1/2"]
[White "Bobir Sattarov"]
[Black "Zhamsaran Tsydypov"]
[WhiteElo "2353"]
[BlackElo "2530"]
[PlyCount "86"]

1. e4 c5 2. Nf3 d6 3. d4 cxd4 4. Nxd4 Nf6 5. f3 e5 6. Nb3 a5 7. a4 d5 8. Bg5 d4
9. c3 Be6 10. cxd4 Bb4+ 11. N1d2 exd4 12. Bb5+ Nc6 13. O-O O-O 14. f4 h6 15. Bh4
g5 16. fxg5 Ng4 17. Rf6 Nxf6 18. gxf6 Kh7 19. Nf3 Rg8 20. Ng5+ Rxg5 21. Bxg5 Ne5
22. Qh5 Qf8 23. Nd2 Rc8 24. Nf1 Rc5 25. Rc1 d3 26. Rxc5 Bxc5+ 27. Kh1 Bg4 28.
Qh4 Be2 29. Ng3 Ng4 30. h3 Nf2+ 31. Kh2 Bd6 32. Bf4 Ng4+ 33. hxg4 Bxf4 34. Kh3
Qc8 35. Qh5 Kg8 36. b3 Qc3 37. Bc4 Qxf6 38. Nxe2 dxe2 39. Bxe2 Qa1 40. g5 Qe1
41. Qf3 Qh1+ 42. Kg4 hxg5 43. g3 Qxf3+ 1/2-1/2

[Event "World Rapid 2023"]
[Site "Samarkand UZB"]
[Date "2023.12.27"]
[EventDate "2023.12.26"]
[Round "7.56"]
[Result "0-1"]
[White "Vladislav Kovalev"]
[Black "Daniyal Sapenov"]
[WhiteElo "2582"]
[BlackElo "2350"]
[PlyCount "76"]

1. e4 c5 2. Nf3 d6 3. Bb5+ Bd7 4. Bxd7+ Qxd7 5. c4 Nc6 6. Nc3 g6 7. d4 cxd4 8.
Nxd4 Nf6 9. f3 Bg7 10. Be3 O-O 11. O-O a6 12. a4 Rac8 13. b3 e6 14. Rc1 Rfd8 15.
Nxc6 bxc6 16. Bb6 Rf8 17. b4 Qb7 18. Ba5 d5 19. cxd5 cxd5 20. exd5 exd5 21. Qd3
Rfe8 22. Kh1 Bh6 23. f4 Bg7 24. b5 axb5 25. Qxb5 Qa8 26. Bb6 Rb8 27. a5 d4 28.
Na4 Ng4 29. Qc6 Ne3 30. Qxa8 Rxa8 31. Rf2 Nd5 32. Ra2 Nxf4 33. g3 Nd5 34. Rd1 h5
35. Bxd4 Rxa5 36. Bxg7 Kxg7 37. Rdd2 Rea8 38. Kg1 Nb4 0-1

[Event "World Rapid 2023"]
[Site "Samarkand UZB"]
[Date "2023.12.27"]
[EventDate "2023.12.26"]
[Round "7.57"]
[Result "1-0"]
[White "Ediz Gurel"]
[Black "Baskaran Adhiban"]
[WhiteElo "2560"]
[BlackElo "2541"]
[PlyCount "156"]

1. e4 c5 2. Nf3 d6 3. d4 cxd4 4. Nxd4 Nf6 5. Nc3 g6 6. Be3 Nc6 7. f3 h5 8. Bc4
Bd7 9. Qd2 Rc8 10. Bb3 Na5 11. O-O-O Bg7 12. h3 h4 13. Rhe1 Rh5 14. Kb1 Nc4 15.
Bxc4 Rxc4 16. a3 b5 17. Nb3 a5 18. Bd4 b4 19. axb4 axb4 20. Nd5 Nxd5 21. Bxg7
Nc7 22. e5 d5 23. Na5 Ne6 24. Nxc4 dxc4 25. Qxb4 Nxg7 26. Rd2 Qc8 27. Red1 Bc6
28. Rd8+ Qxd8 29. Rxd8+ Kxd8 30. Qxc4 Kd7 31. Qxf7 Ne6 32. Qxg6 Rxe5 33. Qd3+
Rd5 34. Qe2 Nd4 35. Qf2 Nf5 36. b3 e5 37. Kb2 Ke6 38. Qb6 Rd6 39. Qc7 Bd7 40. b4
Rd2 41. Qc4+ Kf6 42. f4 Ne3 43. fxe5+ Kxe5 44. Qc5+ Nd5 45. Kb3 Ke6 46. c4 Rd3+
47. Kc2 Nf4 48. b5 Rg3 49. Qb6+ Ke7 50. Qc5+ Ke6 51. Qd4 Rxg2+ 52. Kb3 Rg3+ 53.
Kb4 Nd3+ 54. Ka5 Ne5 55. Qd5+ Kf6 56. c5 Ra3+ 57. Kb6 Rd3 58. Qg8 Be6 59. Qh8+
Kf5 60. Qh5+ Ke4 61. Qxh4+ Kd5 62. c6 Rb3 63. Qg5 Rxh3 64. Qd2+ Rd3 65. Qg2+ Kd6
66. Qg7 Nc4+ 67. Kb7 Rb3 68. Qf8+ Kd5 69. Ka6 Ra3+ 70. Kb7 Nd6+ 71. Kb8 Rb3 72.
Qd8 Kc5 73. Qe7 Bd5 74. Kc7 Rxb5 75. Qxd6+ Kc4 76. Qf4+ Kc5 77. Qe3+ Kc4 78. Kd6 1-0

[Event "World Rapid 2023"]
[Site "Samarkand UZB"]
[Date "2023.12.27"]
[EventDate "2023.12.26"]
[Round "7.58"]
[Result "1-0"]
[White "Dmitry Bocharov"]
[Black "Aldiyar Ansat"]
[WhiteElo "2518"]
[BlackElo "2434"]
[PlyCount "118"]

1. c4 c5 2. g3 g6 3. Bg2 Bg7 4. Nc3 Nc6 5. Nf3 Nf6 6. d4 cxd4 7. Nxd4 O-O 8. Nc2
d6 9. b3 a5 10. O-O Nd7 11. Bb2 Nc5 12. Rc1 Bf5 13. Ne3 Be6 14. Qd2 a4 15. Ncd5
Bxd5 16. Nxd5 Bxb2 17. Qxb2 Ne6 18. Rfd1 axb3 19. axb3 Nc7 20. c5 Nxd5 21. Bxd5
Qd7 22. cxd6 exd6 23. h4 Ne5 24. Qd4 Ra2 25. Rd2 Rxd2 26. Qxd2 Rc8 27. Rxc8+
Qxc8 28. h5 b5 29. Kg2 Qf8 30. Qg5 h6 31. Qh4 g5 32. Qb4 Qb8 33. Qd4 Qc8 34. b4
Qf5 35. Be4 Qg4 36. f3 Qxh5 37. Qxd6 g4 38. f4 Nc4 39. Qd8+ Kg7 40. Qd4+ Kg8 41.
Kf2 Qh2+ 42. Bg2 Qh5 43. Qf6 Kf8 44. e4 Qh2 45. Qd8+ Kg7 46. Qd4+ Kg8 47. e5 Qh5
48. Qd8+ Kg7 49. Qf6+ Kg8 50. e6 fxe6 51. Qxe6+ Kg7 52. Qd7+ Kf8 53. Qd8+ Kg7
54. Qd4+ Kg8 55. Bd5+ Kh7 56. Qa7+ Kh8 57. Qb8+ Kg7 58. Qg8+ Kf6 59. Qf8+ 1-0

[Event "World Rapid 2023"]
[Site "Samarkand UZB"]
[Date "2023.12.27"]
[EventDate "2023.12.26"]
[Round "7.59"]
[Result "0-1"]
[White "Khumoyun Begmuratov"]
[Black "Nikita Petrov"]
[WhiteElo "2371"]
[BlackElo "2561"]
[PlyCount "80"]

1. e4 e5 2. Nf3 Nc6 3. Bb5 a6 4. Ba4 Bc5 5. c3 Nge7 6. d4 exd4 7. cxd4 Bb4+ 8.
Bd2 Bxd2+ 9. Qxd2 d5 10. exd5 Qxd5 11. Nc3 Qe6+ 12. Qe3 O-O 13. O-O Qd6 14. Ne4
Qg6 15. Bb3 Be6 16. Bxe6 Qxe6 17. Nc3 Qd6 18. Rad1 Nd5 19. Qd2 Rad8 20. Rfe1 h6
21. h3 Rfe8 22. Qd3 Nf4 23. Qf5 g6 24. Qc2 Rxe1+ 25. Nxe1 Nxd4 26. Qe4 b5 27.
Nf3 c5 28. Kh1 Qf6 29. Qb7 Nxf3 30. Rxd8+ Qxd8 31. Qxf3 Qd4 32. Ne4 Nd3 33. Kg1
Kg7 34. b3 c4 35. bxc4 bxc4 36. Kh2 c3 37. Nxc3 Qxc3 38. g3 Qd2 39. Kg1 Qc1+ 40.
Kh2 Qf1 0-1

[Event "World Rapid 2023"]
[Site "Samarkand UZB"]
[Date "2023.12.27"]
[EventDate "2023.12.26"]
[Round "7.60"]
[Result "1-0"]
[White "Ernur Amangeldy"]
[Black "Denis Khismatullin"]
[WhiteElo "2134"]
[BlackElo "2579"]
[PlyCount "76"]

1. d4 Nf6 2. c4 e6 3. Nf3 a6 4. Nc3 d5 5. cxd5 exd5 6. Bg5 Be6 7. e3 Nbd7 8. Bd3
Bd6 9. Qc2 c6 10. O-O Qc7 11. Bh4 O-O 12. Bg3 Bxg3 13. hxg3 Rfe8 14. Rfc1 Qd6
15. Na4 Ne4 16. Bxe4 dxe4 17. Nd2 Bf5 18. Nc5 Nxc5 19. Qxc5 Qf6 20. Nc4 Rad8 21.
Qb6 Rd7 22. b4 h5 23. a4 h4 24. gxh4 Qxh4 25. b5 Re6 26. bxa6 Rh6 27. Kf1 Bg4
28. Ke1 Rf6 29. Kd2 Qxf2+ 30. Kc3 c5 31. Qxc5 Rc6 32. axb7 Rxc5 33. b8=Q+ Kh7
34. dxc5 Rd3+ 35. Kb4 Be6 36. Rh1+ Kg6 37. Qf4 Qc2 38. Ne5# 1-0

[Event "World Rapid 2023"]
[Site "Samarkand UZB"]
[Date "2023.12.27"]
[EventDate "2023.12.26"]
[Round "7.61"]
[Result "1-0"]
[White "Vugar Asadli"]
[Black "Roman Shogdzhiev"]
[WhiteElo "2562"]
[BlackElo "1901"]
[PlyCount "118"]

1. e4 c5 2. Nf3 d6 3. d4 cxd4 4. Nxd4 Nf6 5. Nc3 a6 6. Bg5 Nbd7 7. a3 Qc7 8. Qd2
b5 9. f3 Bb7 10. O-O-O e6 11. Be3 d5 12. exd5 Nxd5 13. Nxd5 Bxd5 14. Kb1 Bc5 15.
Nf5 O-O-O 16. Qc3 exf5 17. Rxd5 Bxe3 18. Qxe3 Rhe8 19. Qd2 Nc5 20. Rxd8+ Rxd8
21. Qe1 Qd6 22. Be2 Qe5 23. f4 Qxf4 24. Rf1 Qe5 25. Qb4 g6 26. Bf3 Ne4 27. Re1
Re8 28. Ka1 Qxh2 29. c4 Qe5 30. Rc1 Kb8 31. Qa5 Qc5 32. Qxa6 Re6 33. Qa5 bxc4
34. Qd8+ Qc8 35. Qd4 Nc5 36. Qxc4 Re5 37. Bd5 Qd7 38. Qb4+ Nb7 39. Bxb7 Rb5 40.
Bc6 Rxb4 41. Bxd7 Rg4 42. Bc6 h5 43. b4 h4 44. Kb2 Rd4 45. Kb3 g5 46. a4 g4 47.
a5 f4 48. b5 Rd6 49. b6 Rxc6 50. Rxc6 f3 51. gxf3 g3 52. a6 g2 53. b7 Ka7 54.
Rc8 g1=Q 55. b8=Q+ Kxa6 56. Rc6+ Ka5 57. Qc7+ Kb5 58. Qb7+ Ka5 59. Ra6# 1-0

[Event "World Rapid 2023"]
[Site "Samarkand UZB"]
[Date "2023.12.27"]
[EventDate "2023.12.26"]
[Round "7.62"]
[Result "1-0"]
[White "Alisher Suleymenov"]
[Black "Baadur Jobava"]
[WhiteElo "2513"]
[BlackElo "2591"]
[PlyCount "74"]

1. d4 d5 2. c4 dxc4 3. e3 e5 4. Bxc4 Nc6 5. Nf3 e4 6. Nfd2 Qg5 7. g3 Nf6 8. Nc3
Bb4 9. d5 Bxc3 10. dxc6 b5 11. bxc3 bxc4 12. Ba3 Qa5 13. Bb4 Qd5 14. Qa4 Be6 15.
O-O-O Ng4 16. Nb3 Qe5 17. Rd7 Nxf2 18. Re7+ Kd8 19. Na5 Kc8 20. Nxc4 Nd3+ 21.
Kb1 Bxc4 22. Rxe5 Nxe5 23. Qa5 Bd3+ 24. Ka1 Nxc6 25. Qf5+ Kb7 26. Rb1 Rab8 27.
Rb2 Ka8 28. Qd5 Rb6 29. Bd6 Kb7 30. Bf4 f6 31. Qd7 Rc8 32. Qxg7 Na5 33. Qxh7 Nc4
34. Rb4 a5 35. Rxb6+ Nxb6 36. Qf7 Bc4 37. Qe7 f5 1-0

[Event "World Rapid 2023"]
[Site "Samarkand UZB"]
[Date "2023.12.27"]
[EventDate "2023.12.26"]
[Round "7.63"]
[Result "0-1"]
[White "Mamikon Gharibyan"]
[Black "Haik M Martirosyan"]
[WhiteElo "2504"]
[BlackElo "2678"]
[PlyCount "126"]

1. e4 c5 2. Nf3 Nc6 3. Bb5 e6 4. O-O Nge7 5. c3 a6 6. Ba4 b5 7. Bc2 Bb7 8. Re1
Rc8 9. a4 b4 10. d4 bxc3 11. d5 Nd4 12. bxc3 Nxc2 13. Qxc2 exd5 14. Qb3 dxe4 15.
Qxb7 exf3 16. Qxf3 d5 17. Bf4 f6 18. Qh5+ g6 19. Qe2 Rc6 20. Nd2 Qd7 21. Rab1
Kf7 22. a5 Nc8 23. Rb8 Be7 24. Reb1 Re8 25. Qf3 Qe6 26. R8b7 Nd6 27. Bxd6 Rxd6
28. g3 Red8 29. Kg2 R8d7 30. R7b6 Bd8 31. Rb8 c4 32. Ra8 Bxa5 33. Rbb8 Rd8 34.
Rb7+ R6d7 35. Rxd8 Bxd8 36. Rb8 f5 37. Qd1 Bf6 38. Nf3 Kg7 39. Qa4 Re7 40. Qa5
g5 41. Qd8 g4 42. Nh4 Kh6 43. Rb6 Qe4+ 44. Kg1 Kg7 45. Rb8 Qe1+ 46. Kg2 Qe4+ 47.
Kg1 Bxh4 48. Qf8+ Kg6 49. Rb6+ Re6 50. Qg8+ Kf6 51. Qf8+ Kg5 52. gxh4+ Kxh4 53.
Rb7 Qe1+ 54. Kg2 Qe4+ 55. Kg1 h5 56. Rh7 Qe1+ 57. Kg2 Qe4+ 58. Kg1 Kg5 59. Qh8
Kf4 60. Rxh5 Kf3 61. Rh3+ gxh3 62. Qxh3+ Ke2 63. Qf1+ Kd2 0-1

[Event "World Rapid 2023"]
[Site "Samarkand UZB"]
[Date "2023.12.27"]
[EventDate "2023.12.26"]
[Round "7.64"]
[Result "1-0"]
[White "Mukhiddin Madaminov"]
[Black "Aleksandr Rakhmanov"]
[WhiteElo "2494"]
[BlackElo "2614"]
[PlyCount "100"]

1. e4 c5 2. Nf3 Nf6 3. e5 Nd5 4. Nc3 Nxc3 5. dxc3 Nc6 6. Bd3 h6 7. h4 e6 8. Qe2
d5 9. exd6 Bxd6 10. Be3 Qc7 11. O-O-O Bd7 12. Nd2 Ne5 13. Ne4 Be7 14. Bb5 O-O-O
15. Bxd7+ Nxd7 16. g3 Qc6 17. Nd2 Nf6 18. Nf3 Qe4 19. a3 Rxd1+ 20. Rxd1 Rd8 21.
Nd2 Qd5 22. Kb1 Ne4 23. c4 Nxd2+ 24. Rxd2 Qh1+ 25. Ka2 Rxd2 26. Bxd2 Bf6 27. Qh5
Qe4 28. Qxc5+ Kd7 29. Qb5+ Kd8 30. Be3 Bd4 31. Bxd4 Qxd4 32. f4 Kc7 33. Qe5+
Qxe5 34. fxe5 f6 35. Kb3 f5 36. h5 Kd7 37. Kc3 Ke7 38. b4 Kd7 39. Kd4 Ke7 40.
Kc5 Kd7 41. a4 Kc7 42. a5 Kd7 43. b5 Ke7 44. a6 bxa6 45. bxa6 Kd7 46. Kb5 Ke7
47. c5 Kd7 48. c6+ Kd8 49. Kc5 Kc7 50. c3 1-0

[Event "World Rapid 2023"]
[Site "Samarkand UZB"]
[Date "2023.12.27"]
[EventDate "2023.12.26"]
[Round "7.65"]
[Result "1-0"]
[White "Hans Moke Niemann"]
[Black "Guha Mitrabha"]
[WhiteElo "2667"]
[BlackElo "2508"]
[PlyCount "120"]

1. c4 Nf6 2. Nf3 b6 3. g3 Bb7 4. Bg2 c5 5. O-O g6 6. Nc3 Bg7 7. d4 cxd4 8. Qxd4
O-O 9. Qh4 d6 10. Bh6 Nbd7 11. Rfd1 Rc8 12. b3 Rc5 13. Bxg7 Kxg7 14. Qd4 Qa8 15.
Ne1 Kg8 16. Bxb7 Qxb7 17. Nd3 Rh5 18. f3 Nc5 19. g4 Rh4 20. Nf4 Ne6 21. Qf2 Nxf4
22. Qxh4 b5 23. g5 N6h5 24. Nd5 e5 25. e3 Nxd5 26. cxd5 Qb6 27. Qf2 f6 28. gxf6
Nxf6 29. Qe2 Rc8 30. Kh1 Rc3 31. Rd3 Rc5 32. Rad1 b4 33. f4 e4 34. Rd4 Rc3 35.
Rg1 Kf7 36. f5 g5 37. Rxg5 Qc5 38. Rg1 h5 39. h3 Rc2 40. Rd2 Rxd2 41. Qxd2 Qxd5
42. Qxd5+ Nxd5 43. Rd1 Nxe3 44. Rxd6 Nxf5 45. Ra6 e3 46. Kg2 Nd4 47. Rd6 Nf5 48.
Rd3 Nh4+ 49. Kf1 Nf5 50. Ke2 Ke6 51. Kf3 a5 52. Rd8 Ke5 53. Rh8 Kd4 54. Rxh5 Nd6
55. Rh8 Nf5 56. Rd8+ Kc3 57. Rd5 Ne7 58. Rxa5 Kd2 59. Re5 Nc6 60. Rd5+ 1-0

[Event "World Rapid 2023"]
[Site "Samarkand UZB"]
[Date "2023.12.27"]
[EventDate "2023.12.26"]
[Round "7.66"]
[Result "1-0"]
[White "Grzegorz Nasuta"]
[Black "Deshun Xiu"]
[WhiteElo "2579"]
[BlackElo "2510"]
[PlyCount "102"]

1. e4 c5 2. Nf3 d6 3. d4 cxd4 4. Nxd4 Nf6 5. Nc3 a6 6. f3 e5 7. Nb3 Be6 8. Be3
h5 9. Nd5 Bxd5 10. exd5 Nbd7 11. Qd2 g6 12. O-O-O Bg7 13. Kb1 Qc7 14. Be2 Nb6
15. Qa5 Nfd7 16. c4 Rc8 17. Rc1 Bh6 18. Bxh6 Rxh6 19. f4 exf4 20. Rhf1 Nc5 21.
Nxc5 Qxc5 22. Qc3 Rh7 23. Rxf4 Nd7 24. g4 hxg4 25. Bxg4 f5 26. Bxf5 gxf5 27. Qg3
Nf8 28. Rxf5 Qd4 29. Rf4 Qg7 30. Qe3+ Kd7 31. Qb6 Ng6 32. Rf2 Ne5 33. Qxb7+ Rc7
34. Qxa6 Rh8 35. c5 Qg6+ 36. Ka1 Rb8 37. c6+ Ke7 38. Qa5 Rbb7 39. Qa4 Qg5 40.
Rcf1 Ra7 41. Qe4 Qh5 42. Rf5 Qh8 43. Qf4 Qg8 44. Qh4+ Ke8 45. Qh6 Rxa2+ 46. Kb1
Rxb2+ 47. Kxb2 Qg2+ 48. R1f2 Nd3+ 49. Kc3 Rxc6+ 50. dxc6 Qxc6+ 51. Kxd3 1-0

[Event "World Rapid 2023"]
[Site "Samarkand UZB"]
[Date "2023.12.27"]
[EventDate "2023.12.26"]
[Round "7.67"]
[Result "0-1"]
[White "Zhandos Agmanov"]
[Black "Aleksey Dreev"]
[WhiteElo "2460"]
[BlackElo "2606"]
[PlyCount "64"]

1. e4 c6 2. d4 d5 3. e5 c5 4. Nf3 cxd4 5. Nxd4 Nc6 6. Nxc6 bxc6 7. Bd3 e6 8. O-O
a5 9. Nd2 Ne7 10. Nf3 Ng6 11. Re1 Ba6 12. Bxg6 hxg6 13. c3 Be7 14. Qa4 Bb5 15.
Qg4 Rh5 16. Nd4 Qd7 17. a4 Ba6 18. Nb3 Qc7 19. Nd4 Qd7 20. Nb3 Bc4 21. Nd2 Bd3
22. Qd4 Bc2 23. Nf3 c5 24. Qe3 Bxa4 25. g4 Rh3 26. Kg2 Rh8 27. Qf4 Bc6 28. Rd1
Qb7 29. h4 d4 30. cxd4 g5 31. Qe3 Rxh4 32. Rd3 Rxg4+ 0-1

[Event "World Rapid 2023"]
[Site "Samarkand UZB"]
[Date "2023.12.27"]
[EventDate "2023.12.26"]
[Round "7.68"]
[Result "1-0"]
[White "Mukhammadzokhid Suyarov"]
[Black "Andrew Hong"]
[WhiteElo "2359"]
[BlackElo "2539"]
[PlyCount "48"]

1. d4 d5 2. Nc3 Nf6 3. Bf4 e6 4. Nb5 Bb4+ 5. c3 Ba5 6. a4 a6 7. b4 Bxb4 8. cxb4
axb5 9. axb5 Rxa1 10. Qxa1 Nh5 11. Be5 Nd7 12. e3 Nhf6 13. Bd3 O-O 14. Ne2 Ne4
15. Bxe4 dxe4 16. Bg3 Nb6 17. O-O Bd7 18. Nc3 Nd5 19. Nxe4 Bxb5 20. Rc1 Bc6 21.
Qb1 Nxb4 22. Qxb4 Bxe4 23. Rxc7 Qa8 24. Qe7 h6 1-0

[Event "World Rapid 2023"]
[Site "Samarkand UZB"]
[Date "2023.12.27"]
[EventDate "2023.12.26"]
[Round "7.69"]
[Result "0-1"]
[White "Arystanbek Urazayev"]
[Black "Venkataraman Karthik"]
[WhiteElo "2472"]
[BlackElo "2609"]
[PlyCount "118"]

1. e4 c5 2. Nf3 d6 3. Bb5+ Bd7 4. Bxd7+ Nxd7 5. c3 Ngf6 6. Qe2 e6 7. d4 Be7 8.
e5 Nd5 9. c4 N5b6 10. exd6 Bxd6 11. d5 e5 12. O-O O-O 13. Nc3 h6 14. Nb5 Nc8 15.
Nxd6 Nxd6 16. b3 e4 17. Nd2 Qf6 18. Rb1 Rae8 19. Bb2 Qg6 20. Qe3 b6 21. Qf4 f5
22. Rbe1 Nf7 23. Re3 Nfe5 24. Rg3 Qd6 25. Qh4 g5 26. f4 exf3 27. gxf3 Qg6 28.
Qh3 Nd3 29. f4 Nxb2 30. fxg5 hxg5 31. Qg2 g4 32. Nb1 Qg7 33. Nc3 Qd4+ 34. Kh1
Nd3 35. Qd2 Ne1 36. Qc1 Qe5 37. Qg5+ Qg7 38. Qd2 f4 39. Rgg1 Ne5 40. Qxe1 Nf3
41. Qxe8 Rxe8 42. Rxf3 gxf3 43. Rxg7+ Kxg7 44. Kg1 Re3 45. Nb5 a6 46. Nc7 Re2
47. Ne6+ Kf6 48. Nxf4 Rxa2 49. d6 Rd2 50. Nd5+ Ke6 51. Nxb6 Kxd6 52. h4 Ke5 53.
Nd5 Ke4 54. h5 Rg2+ 55. Kf1 Rh2 56. Kg1 Rg2+ 57. Kf1 Kd4 58. Ne7 Rh2 59. h6 Ke4 0-1

[Event "World Rapid 2023"]
[Site "Samarkand UZB"]
[Date "2023.12.27"]
[EventDate "2023.12.26"]
[Round "7.70"]
[Result "0-1"]
[White "Vahap Sanal"]
[Black "Artem Uskov"]
[WhiteElo "2595"]
[BlackElo "2392"]
[PlyCount "70"]

1. e4 c5 2. Nf3 d6 3. Bb5+ Nd7 4. c3 Nf6 5. Qe2 a6 6. Ba4 b5 7. Bc2 Bb7 8. d4
cxd4 9. cxd4 Rc8 10. O-O e5 11. d5 Qc7 12. Bd3 Nc5 13. Bg5 Nxd3 14. Qxd3 Qc2 15.
Qxc2 Rxc2 16. Nbd2 Rxb2 17. Rfc1 Kd7 18. Ne1 Rb4 19. Nc2 Ra4 20. Bxf6 gxf6 21.
Ne3 Bh6 22. Rc2 Rc8 23. Rxc8 Bxc8 24. Kf1 a5 25. Ke2 Ba6 26. Ng4 Bxd2 27. Kxd2
f5 28. Nf6+ Ke7 29. Nxh7 Rxe4 30. Rc1 Rd4+ 31. Ke3 f4+ 32. Kf3 Rc4 33. Rh1 f6
34. Kg4 Kf7 35. Kh5 Kg7 0-1

[Event "World Rapid 2023"]
[Site "Samarkand UZB"]
[Date "2023.12.27"]
[EventDate "2023.12.26"]
[Round "7.72"]
[Result "1-0"]
[White "Chongsheng Zeng"]
[Black "Abdimalik Abdisalimov"]
[WhiteElo "2577"]
[BlackElo "2496"]
[PlyCount "136"]

1. d4 Nf6 2. c4 e6 3. g3 c5 4. d5 exd5 5. cxd5 d6 6. Bg2 g6 7. Nc3 Bg7 8. Nf3
O-O 9. O-O Re8 10. Bf4 Na6 11. Re1 Bg4 12. h3 Bxf3 13. Bxf3 Nd7 14. Bg2 Ne5 15.
Qc2 c4 16. Ne4 Rc8 17. Bg5 f6 18. Be3 Nf7 19. g4 Ng5 20. Rad1 Nxe4 21. Bxe4 Nb4
22. Qb1 Nxa2 23. Bxa7 b6 24. Qxa2 Rxe4 25. Qa6 Ra8 26. Bxb6 Rxa6 27. Bxd8 f5 28.
gxf5 gxf5 29. Rb1 Ra2 30. Rec1 Bxb2 31. Rc2 c3 32. Bf6 Ra3 33. Rd1 Kf7 34. Bd4
Re8 35. e3 Rc8 36. Rd3 Ba1 37. Kg2 Ra5 38. Rd1 Bb2 39. Kf3 Rxd5 40. Rg1 Ke6 41.
Rg7 Rxd4 42. exd4 Kd5 43. Rxh7 Rb8 44. Ke3 Rb4 45. Rh4 Rb8 46. Kd3 Rg8 47. Rf4
Ke6 48. Re2+ Kf6 49. d5 Kg5 50. Rc4 Ra8 51. Re6 Ra1 52. h4+ Kh5 53. Rxd6 Rd1+
54. Kc2 Rd2+ 55. Kb3 Rxf2 56. Re6 Rd2 57. Re5 Rf2 58. d6 Rd2 59. Rxf5+ Kg6 60.
Rg5+ Kf6 61. Rc6 Ba1 62. d7+ Kf7 63. Rc7 Ke6 64. Rg8 Rxd7 65. Re8+ Kf7 66. Rxd7+
Kxe8 67. Rd1 Bb2 68. Rf1 1-0

[Event "World Rapid 2023"]
[Site "Samarkand UZB"]
[Date "2023.12.27"]
[EventDate "2023.12.26"]
[Round "7.73"]
[Result "1-0"]
[White "Anton Smirnov"]
[Black "Lev Zverev"]
[WhiteElo "2586"]
[BlackElo "2343"]
[PlyCount "94"]

1. e4 e5 2. Nf3 Nc6 3. Bb5 a6 4. Bxc6 dxc6 5. O-O Bg4 6. h3 h5 7. d3 Qf6 8. Be3
Bxf3 9. Qxf3 Qxf3 10. gxf3 Bd6 11. Nd2 Ne7 12. Rfb1 a5 13. c3 Kd7 14. d4 f6 15.
a4 Ke6 16. Nc4 Ng6 17. Kf1 b6 18. Ke2 exd4 19. cxd4 Nf4+ 20. Bxf4 Bxf4 21. Rd1
Rad8 22. Rd3 Rhe8 23. Rad1 Kf7 24. Ne3 Re6 25. Rc3 g6 26. Rc4 Red6 27. b3 R8d7
28. Rc3 Re6 29. Rcd3 Bh6 30. Nc4 Bf4 31. Ne3 Bh6 32. d5 cxd5 33. Rxd5 Rxd5 34.
Nxd5 Rc6 35. Rd3 Bf8 36. f4 Rc2+ 37. Rd2 Rc1 38. e5 fxe5 39. fxe5 Bh6 40. f4 c6
41. Nc7 Bxf4 42. Rd7+ Kg8 43. Rd8+ Kh7 44. e6 Rc3 45. Rd7+ Kh6 46. e7 Re3+ 47.
Kf2 1-0

[Event "World Rapid 2023"]
[Site "Samarkand UZB"]
[Date "2023.12.27"]
[EventDate "2023.12.26"]
[Round "7.74"]
[Result "1/2-1/2"]
[White "Stepan Zilka"]
[Black "Benjamin Haldorsen"]
[WhiteElo "2615"]
[BlackElo "2445"]
[PlyCount "92"]

1. e4 c5 2. Nf3 e6 3. d4 cxd4 4. Nxd4 Nc6 5. Nc3 Qc7 6. Nxc6 bxc6 7. Qd3 d5 8.
Qg3 Qxg3 9. hxg3 Nf6 10. exd5 cxd5 11. Nb5 Bb4+ 12. c3 Ba5 13. b4 Bd8 14. Be3
Bd7 15. Bxa7 Ne4 16. Bd4 f6 17. Bd3 Kf7 18. Bxe4 Bxb5 19. Bc2 Ra3 20. Bb3 Be7
21. O-O-O Bc4 22. Kb2 Rha8 23. Bxc4 dxc4 24. Ra1 e5 25. Be3 h6 26. g4 Ke6 27.
Rhd1 Bd6 28. Bb6 R3a6 29. Ba5 R8a7 30. a4 Be7 31. Rd2 Rd7 32. Rxd7 Kxd7 33. Rd1+
Ke6 34. Kc2 g6 35. Kd2 f5 36. gxf5+ gxf5 37. Ke2 Bf6 38. f3 h5 39. g3 e4 40.
fxe4 fxe4 41. Ke3 Bxc3 42. Kxe4 Rd6 43. Rxd6+ Kxd6 44. Bd8 Bxb4 45. Kd4 Be1 46.
Kxc4 1/2-1/2

[Event "World Rapid 2023"]
[Site "Samarkand UZB"]
[Date "2023.12.27"]
[EventDate "2023.12.26"]
[Round "7.75"]
[Result "0-1"]
[White "Almas Rakhmatullaev"]
[Black "V Pranav"]
[WhiteElo "2383"]
[BlackElo "2611"]
[PlyCount "172"]

1. e4 c6 2. d4 d5 3. exd5 cxd5 4. c4 Nf6 5. Nc3 Nc6 6. Nf3 Bg4 7. cxd5 Nxd5 8.
Qb3 Bxf3 9. gxf3 e6 10. Qxb7 Nxd4 11. Bb5+ Nxb5 12. Qc6+ Ke7 13. Qc5+ Ke8 14.
Qc6+ Ke7 15. Qc5+ Qd6 16. Nxd5+ exd5 17. Qxb5 Rb8 18. Qd3 f6 19. O-O Kf7 20. Rd1
Rd8 21. Be3 Qe5 22. f4 Qh5 23. Bxa7 Rd7 24. Bb6 Qg4+ 25. Qg3 Qf5 26. Be3 Bd6 27.
Qg2 Bb8 28. a4 h6 29. h3 Rhd8 30. Qg4 Qe4 31. Rd4 Qc2 32. Rad1 Ba7 33. R4d2 Qxa4
34. Qh5+ g6 35. Qxh6 Bxe3 36. fxe3 Qe4 37. f5 gxf5 38. Rg2 Ke6 39. Rd4 Qf3 40.
Rg6 Rf7 41. Rg2 Rc8 42. Kh2 Rc1 43. e4 f4 44. exd5+ Ke5 45. Qg6 Kxd4 46. Qxf7
Qf1 47. Qxf6+ Ke4 48. Qe6+ Kd3 49. Qa6+ Ke3 50. Qxf1 Rxf1 51. d6 Rd1 52. Rg6
Rd2+ 53. Kg1 Rd1+ 54. Kh2 Rd2+ 55. Kg1 Rxb2 56. h4 Rd2 57. h5 f3 58. Re6+ Kf4
59. h6 Rd1+ 60. Kf2 Rd2+ 61. Ke1 Ra2 62. h7 Ra1+ 63. Kd2 Ra2+ 64. Kc3 Ra8 65.
Kd4 f2 66. Rf6+ Kg3 67. d7 Kg2 68. Rg6+ Kf3 69. Rf6+ Ke2 70. Re6+ Kf3 71. Re8
f1=Q 72. Rxa8 Qg1+ 73. Kd5 Qg5+ 74. Kc6 Qf6+ 75. Kb7 Qb2+ 76. Kc8 Qh8+ 77. Kb7
Qxh7 78. Rf8+ Ke4 79. Kc8 Qh3 80. Kc7 Qc3+ 81. Kd8 Kd5 82. Ke8 Qe5+ 83. Kd8 Qb8+
84. Ke7 Qd6+ 85. Ke8 Qe6+ 86. Kd8 Kc6 0-1

[Event "World Rapid 2023"]
[Site "Samarkand UZB"]
[Date "2023.12.27"]
[EventDate "2023.12.26"]
[Round "7.76"]
[Result "1-0"]
[White "Jakub Kosakowski"]
[Black "Sumiya Chinguun"]
[WhiteElo "2479"]
[BlackElo "2319"]
[PlyCount "120"]

1. e4 c5 2. Nf3 Nc6 3. d4 cxd4 4. Nxd4 g6 5. c4 Nf6 6. Nc3 Nxd4 7. Qxd4 d6 8.
Be3 Bg7 9. f3 O-O 10. Qd2 Be6 11. Rc1 Qa5 12. Be2 Rfc8 13. b3 h5 14. O-O Kh7 15.
Rfd1 Bd7 16. Bf1 Bc6 17. Qb2 Bh6 18. Bxh6 Kxh6 19. b4 Qg5 20. Qf2 Kh7 21. h4 Qe5
22. g3 a5 23. b5 Be8 24. Na4 Nd7 25. Bh3 Rc7 26. f4 Qg7 27. Bxd7 Bxd7 28. Nb6
Re8 29. a4 Bg4 30. Rd2 Rc5 31. Re1 Qc3 32. Qe3 Rxc4 33. Nxc4 Qxc4 34. Rd4 Qa2
35. Rc1 e5 36. Rxd6 Qxa4 37. f5 Rg8 38. Rf1 Qc4 39. Rf6 Rg7 40. fxg6+ fxg6 41.
Rf8 Qxb5 42. Ra8 Qb4 43. Rff8 Qb1+ 44. Kg2 Qb2+ 45. Qf2 Qxf2+ 46. Kxf2 Rc7 47.
Rxa5 Rc2+ 48. Kg1 Kg7 49. Rf2 Rc1+ 50. Kg2 Bd7 51. Rxe5 Bc6 52. Re7+ Kg8 53. Rf6
Rc4 54. Kf3 g5 55. hxg5 Rc1 56. Kf4 Rf1+ 57. Ke5 Re1 58. Kf5 Rh1 59. Kg6 h4 60.
Rg7+ 1-0

[Event "World Rapid 2023"]
[Site "Samarkand UZB"]
[Date "2023.12.27"]
[EventDate "2023.12.26"]
[Round "7.77"]
[Result "1/2-1/2"]
[White "Vadim Zvjaginsev"]
[Black "Sergey Sklokin"]
[WhiteElo "2567"]
[BlackElo "1780"]
[PlyCount "110"]

1. d4 d5 2. c4 e6 3. Nc3 c5 4. e3 Nf6 5. Nf3 Nc6 6. a3 dxc4 7. Bxc4 Be7 8. O-O
O-O 9. Bd3 b6 10. dxc5 bxc5 11. Ne4 Bb7 12. Qc2 h6 13. Bd2 Qb6 14. Rac1 Rfd8 15.
Nxf6+ Bxf6 16. Bh7+ Kh8 17. Be4 Ne5 18. Nxe5 Bxe5 19. Bxb7 Qxb7 20. Bc3 Bxc3 21.
Qxc3 Rab8 22. Rc2 c4 23. h3 f6 24. Rb1 Rbc8 25. Rbc1 Qe4 26. Qe1 Rd3 27. Qb4 Qe5
28. Qa4 Rcd8 29. Rxc4 Qxb2 30. Rc8 Qb6 31. Qg4 Rd7 32. Qa4 Qb7 33. R1c7 Qxc7 34.
Rxc7 Rxc7 35. Qa5 Rdd7 36. Qb5 e5 37. Qb8+ Kh7 38. Qb1+ Kg8 39. Qb8+ Kf7 40.
Qb3+ Ke7 41. Qb4+ Rd6 42. g4 Kd7 43. Qb5+ Ke7 44. Qb4 Rd7 45. Kg2 Kf7 46. Qb3+
Kf8 47. Qb8+ Kf7 48. Qb3+ Re6 49. Kg3 Re7 50. a4 Kf8 51. Qb8+ Kf7 52. Qb3 Kf8
53. Qb8+ Kf7 54. Qb3 Kf8 55. Qb8+ Kf7 1/2-1/2